[Event "Menorca op 3rd"]
[Site "Ciutadella de Menorca"]
[Date "2024.04.05"]
[Round "6"]
[White "Aravindh, Chithambaram VR"]
[Black "Balakrishnan, Praveen"]
[Result "1/2-1/2"]
[WhiteElo "2662"]
[BlackElo "2500"]
[PlyCount "163"]
[EventDate "2024.04.02"]
[EventType "swiss"]
[EventRounds "9"]
[EventCountry "ESP"]
[SourceTitle "CB15_2024"]
[SourceDate "2024.04.10"]
[SourceVersion "1"]
[SourceVersionDate "2024.04.10"]
[SourceQuality "1"]

1. Nf3 Nf6 2. d4 d5 3. Bf4 c5 4. e3 Nc6 5. Nbd2 Bg4 6. c3 e6 7. Qb3 Qc8 8. Nh4 Bh5 9. h3 Be7 10. g4 Bg6 11. Nxg6 hxg6 12. Be2 Qd7 13. dxc5 Bxc5 14. 0-0-0 Na5 15. Qc2 Bd6 16. Bxd6 Qxd6 17. Kb1 0-0-0 18. g5 Ng8 19. c4 Nc6 20. cxd5 exd5 21. Ne4 Qc7 22. Nc5 Nge7 23. Qb3 Qb6 24. Bg4+ Kc7 25. Qc2 Qb4 26. f3 Kb8 27. Rd3 Na5 28. Rhd1 Ka8 29. a3 Qb5 30. f4 Nc4 31. Nb3 f5 32. gxf6 gxf6 33. Nd4 Qa5 34. Rb3 f5 35. Be2 Rc8 36. Bxc4 dxc4 37. Rb5 Qa6 38. Rc1 Rhd8 39. Re5 Nc6 40. Rc5 Nxd4 41. exd4 Rxc5 42. dxc5 Rd3 43. Re1 Rd8 44. Rc1 Qb5 45. Qxc4 Qxc4 46. Rxc4 Rd3 47. Rc3 Rd4 48. Rf3 Rc4 49. Rg3 Rxf4 50. Rxg6 Kb8 51. Ka2 Rf3 52. Rh6 Kc7 53. b4 a6 54. Kb2 Rg3 55. a4 f4 56. h4 f3 57. Rf6 Rh3 58. b5 axb5 59. axb5 Rxh4 60. Kc3 Ra4 61. Kb3 Rh4 62. Rf7+ Kc8 63. Rxf3 Kc7 64. Rf7+ Kc8 65. Kc3 Rg4 66. Re7 Rh4 67. Kd3 Rb4 68. b6 Rh4 69. Re4 Rh1 70. Kc4 Rc1+ 71. Kb5 Rb1+ 72. Rb4 Rh1 73. Rg4 Rb1+ 74. Kc4 Rc1+ 75. Kd5 Rd1+ 76. Ke5 Re1+ 77. Kd4 Rd1+ 78. Ke4 Re1+ 79. Kd3 Rd1+ 80. Ke3 Re1+ 81. Kd2 Re5 82. Rg8+ 1/2-1/2

[Event "Menorca op 3rd"]
[Site "Ciutadella de Menorca"]
[Date "2024.04.02"]
[Round "1"]
[White "Bradbury, Neil H"]
[Black "Aravindh, Chithambaram VR"]
[Result "0-1"]
[WhiteElo "2206"]
[BlackElo "2662"]
[PlyCount "70"]
[EventDate "2024.04.02"]
[EventType "swiss"]
[EventRounds "9"]
[EventCountry "ESP"]
[SourceTitle "CB15_2024"]
[SourceDate "2024.04.10"]
[SourceVersion "1"]
[SourceVersionDate "2024.04.10"]
[SourceQuality "1"]

1. d4 Nf6 2. Nf3 b6 3. g3 Bb7 4. Bg2 g6 5. 0-0 Bg7 6. c4 0-0 7. Nc3 Ne4 8. Bd2 Nxd2 9. Qxd2 d6 10. Rfd1 e6 11. Rac1 Nd7 12. Ne1 Qc8 13. e3 f5 14. b4 Rf7 15. c5 bxc5 16. bxc5 Bxg2 17. Nxg2 dxc5 18. Nf4 cxd4 19. exd4 Nf8 20. Qe2 Bh6 21. Qe5 Qd7 22. Nb5 Bg7 23. Qc5 Bh6 24. Qe5 a6 25. Nc3 Rb8 26. d5 Bg7 27. Qe2 e5 28. Ng2 Qd6 29. Ne3 Rd8 30. Nc4 Qf6 31. Na5 e4 32. Nc6 Re8 33. Qxa6 f4 34. Qe2 f3 35. Qf1 e3 0-1

[Event "Titled Tuesday intern op 13th Feb Early"]
[Site "Chess.com INT"]
[Date "2024.02.13"]
[Round "10"]
[White "Aravindh, Chithambaram VR"]
[Black "Deac, Bogdan Daniel"]
[Result "1-0"]
[WhiteElo "2662"]
[BlackElo "2690"]
[PlyCount "123"]
[EventDate "2024.02.13"]
[EventType "swiss (blitz)"]
[EventRounds "11"]
[EventCountry "USA"]
[SourceTitle "CB08_2024"]
[SourceDate "2024.02.21"]
[SourceVersion "1"]
[SourceVersionDate "2024.02.21"]
[SourceQuality "1"]

1. Nf3 d5 2. e3 c5 3. b3 f6 4. d4 cxd4 5. exd4 Nc6 6. Bb2 Bg4 7. c4 e6 8. Be2 Bd6 9. 0-0 Nge7 10. Nbd2 0-0 11. Re1 Qd7 12. Ne5 Nxe5 13. dxe5 Bxe2 14. Qxe2 fxe5 15. Bxe5 Bxe5 16. Qxe5 Rf6 17. cxd5 Ng6 18. Qd4 exd5 19. Ne4 Rf4 20. Rad1 Rd8 21. Qxa7 Nh4 22. Qc5 Rc8 23. Qd6 Qf5 24. Ng3 Qf7 25. Re7 Qf8 26. Rde1 Rxf2 27. Qe6+ Kh8 28. Qxc8 Qxc8 29. Re8+ Rf8 30. Rxc8 Rxc8 31. Rd1 h6 32. Nf1 Rc2 33. Rd2 Rc1 34. Kf2 Ra1 35. Ne3 d4 36. Rxd4 Rxa2+ 37. Kf1 Ra1+ 38. Kf2 Ra2+ 39. Kg3 Ng6 40. Rd8+ Kh7 41. Rd7 Ne5 42. Re7 Nc6 43. Rxb7 Nd4 44. b4 Ra3 45. Kf4 Ne6+ 46. Ke4 Ng5+ 47. Kd4 Ne6+ 48. Ke4 Rb3 49. Nf5 Nc5+ 50. bxc5 Rxb7 51. c6 Rb2 52. Nd4 Rb8 53. Kd5 Kg6 54. c7 Rc8 55. Kd6 Kg5 56. Kd7 Rxc7+ 57. Kxc7 Kf4 58. Ne6+ Ke3 59. Nxg7 Kf2 60. g4 Kg2 61. Nf5 Kxh2 62. Nxh6 1-0

[Event "Titled Tuesday intern op 13th Feb Early"]
[Site "Chess.com INT"]
[Date "2024.02.13"]
[Round "2"]
[White "Aravindh, Chithambaram VR"]
[Black "Hoffmann, Asa"]
[Result "1-0"]
[WhiteElo "2662"]
[BlackElo "2185"]
[PlyCount "63"]
[EventDate "2024.02.13"]
[EventType "swiss (blitz)"]
[EventRounds "11"]
[EventCountry "USA"]
[SourceTitle "CB08_2024"]
[SourceDate "2024.02.21"]
[SourceVersion "1"]
[SourceVersionDate "2024.02.21"]
[SourceQuality "1"]

1. b3 d6 2. Bb2 e5 3. c4 Nf6 4. Nc3 Be7 5. g3 c6 6. Bg2 Be6 7. d4 Nbd7 8. Nf3 h6 9. Qc2 0-0 10. Rd1 Qc7 11. h3 exd4 12. Nxd4 a5 13. 0-0 Nc5 14. e4 Rfe8 15. f4 Rad8 16. g4 Bc8 17. Nce2 Bf8 18. Ng3 Nh7 19. Ndf5 Bxf5 20. Nxf5 g6 21. Qc3 f6 22. Ng3 Bg7 23. Qc2 Nf8 24. Bc3 b6 25. Qb2 Qf7 26. e5 dxe5 27. Rxd8 Rxd8 28. fxe5 Nh7 29. exf6 Nxf6 30. Bxf6 Bxf6 31. Qxf6 Qxf6 32. Rxf6 1-0

[Event "Wch Blitz"]
[Site "Samarkand"]
[Date "2023.12.30"]
[Round "14"]
[White "Aravindh, Chithambaram VR"]
[Black "Mitrabha, Guha"]
[Result "1-0"]
[WhiteElo "2646"]
[BlackElo "2508"]
[PlyCount "87"]
[EventDate "2023.12.29"]
[EventType "swiss (blitz)"]
[EventRounds "21"]
[EventCountry "UZB"]
[SourceTitle "CB01_2024"]
[SourceDate "2024.01.03"]
[SourceVersion "1"]
[SourceVersionDate "2024.01.03"]
[SourceQuality "1"]

1. d4 Nf6 2. Nf3 e6 3. e3 b6 4. Bd3 Bb7 5. 0-0 d5 6. Nbd2 Nbd7 7. b3 Bd6 8. Bb2 Ne4 9. c4 0-0 10. Qc2 f5 11. Rac1 a6 12. Rfd1 Qe8 13. Ne5 Bxe5 14. dxe5 Nxd2 15. Rxd2 Nc5 16. Bf1 Ne4 17. Rdd1 c5 18. f3 Ng5 19. cxd5 Bxd5 20. h4 Nf7 21. Rxd5 exd5 22. Qxf5 Nh6 23. Qg5 a5 24. e6 Nf5 25. Bd3 Qe7 26. e4 Qxg5 27. hxg5 dxe4 28. Bxe4 Rad8 29. Re1 Ne7 30. Be5 Rd2 31. a4 Rc8 32. f4 g6 33. g4 c4 34. bxc4 Rxc4 35. f5 gxf5 36. gxf5 Rxe4 37. Rxe4 Nxf5 38. Bf6 Kf8 39. Rc4 Nd6 40. Rc7 Rd1+ 41. Kg2 Rd2+ 42. Kf3 h5 43. Rh7 Rd3+ 44. Ke2 1-0

[Event "Wch Blitz"]
[Site "Samarkand"]
[Date "2023.12.30"]
[Round "18"]
[White "Aravindh, Chithambaram VR"]
[Black "Shimanov, Aleksandr"]
[Result "1-0"]
[WhiteElo "2646"]
[BlackElo "2578"]
[PlyCount "149"]
[EventDate "2023.12.29"]
[EventType "swiss (blitz)"]
[EventRounds "21"]
[EventCountry "UZB"]
[SourceTitle "CB01_2024"]
[SourceDate "2024.01.03"]
[SourceVersion "1"]
[SourceVersionDate "2024.01.03"]
[SourceQuality "1"]

1. e4 e6 2. d4 d5 3. Nd2 c5 4. Ngf3 Nf6 5. exd5 Nxd5 6. Bb5+ Bd7 7. Bxd7+ Qxd7 8. 0-0 Nc6 9. Nc4 cxd4 10. Nxd4 Bc5 11. Nb3 Be7 12. Ne3 Nf6 13. Bd2 0-0 14. Bc3 Qc7 15. Qf3 Rac8 16. Rad1 Rfd8 17. g3 b5 18. Rxd8+ Rxd8 19. Rd1 Rxd1+ 20. Qxd1 b4 21. Be1 Ne5 22. c3 a5 23. Nd4 Qb7 24. f4 Ned7 25. Qf3 Ne4 26. Nc4 bxc3 27. Bxc3 Ndf6 28. Nxa5 Qd5 29. Nab3 h5 30. Kg2 Qc4 31. Qe2 Qd5 32. Qf3 Qc4 33. Be1 Qd5 34. h3 Bd6 35. Nc2 Qa8 36. a3 Qb7 37. Ncd4 Qd5 38. a4 Bb8 39. a5 Ba7 40. Bc3 Qc4 41. Qe2 Qd5 42. Qf3 Qc4 43. Qe2 Qd5 44. Qf3 Qd7 45. a6 Qa4 46. Qd3 Nd6 47. Be1 Nc4 48. Bf2 Nd5 49. Nd2 Nxb2 50. Qb5 Qa2 51. Qe8+ Kh7 52. Qxf7 Nc4 53. Qxh5+ Kg8 54. Qe8+ Kh7 55. Qh5+ Kg8 56. Nxc4 Bxd4 57. Qe8+ Kh7 58. Qh5+ Kg8 59. Qf3 Qxc4 60. a7 Qa2 61. a8Q+ Qxa8 62. Bxd4 Qa2+ 63. Bf2 Qc2 64. g4 Qc4 65. Kg3 Nc3 66. Qe3 Ne4+ 67. Kf3 Nc3 68. Qe5 Qc6+ 69. Kg3 Ne4+ 70. Kg2 Nd2+ 71. Kg3 Qf3+ 72. Kh4 Qxf2+ 73. Kh5 Qb6 74. Kg6 Nc4 75. Qxg7# 1-0

[Event "Wch Rapid"]
[Site "Samarkand"]
[Date "2023.12.27"]
[Round "9"]
[White "Khusenkhojaev, Mustafokhuja"]
[Black "Aravindh, Chithambaram VR"]
[Result "1-0"]
[WhiteElo "2298"]
[BlackElo "2646"]
[PlyCount "119"]
[EventDate "2023.12.26"]
[EventType "swiss (rapid)"]
[EventRounds "13"]
[EventCountry "UZB"]
[SourceTitle "CB01_2024"]
[SourceDate "2024.01.03"]
[SourceVersion "1"]
[SourceVersionDate "2024.01.03"]
[SourceQuality "1"]

1. d4 Nf6 2. c4 e6 3. g3 d5 4. Nf3 dxc4 5. Bg2 Bb4+ 6. Bd2 a5 7. Qc2 Bxd2+ 8. Qxd2 0-0 9. Na3 b6 10. Ne5 Ra7 11. 0-0 Bb7 12. Bxb7 Rxb7 13. Naxc4 Ne4 14. Qd3 Nd6 15. Rac1 Nf5 16. Rfd1 f6 17. Nf3 Nc6 18. d5 Qxd5 19. Qxd5 exd5 20. Rxd5 Nh6 21. Nd6 Nb4 22. Nxb7 Nxd5 23. e4 Nb4 24. Rxc7 Rf7 25. Rc8+ Rf8 26. Rc7 Rf7 27. Rc8+ Rf8 28. Rc7 Nf7 29. a3 Nd3 30. b3 Rb8 31. Kf1 g5 32. Ke2 g4 33. Kxd3 gxf3 34. Ke3 Ne5 35. Nd6 b5 36. Rc8+ Rxc8 37. Nxc8 Kg7 38. Nd6 b4 39. axb4 axb4 40. Nf5+ Kf7 41. Nd4 Ng4+ 42. Kxf3 Nxh2+ 43. Ke2 Ng4 44. Nc6 Ke6 45. Nxb4 Ne5 46. f4 Nd7 47. Nd3 f5 48. Ke3 fxe4 49. Kxe4 Nf6+ 50. Kd4 h5 51. b4 Kf5 52. b5 Nd7 53. Ne5 Nb6 54. Kc5 Na4+ 55. Kb4 Nb6 56. Ka5 Nd5 57. b6 Nxb6 58. Kxb6 h4 59. gxh4 Kxf4 60. Nf3 1-0

[Event "Wch Rapid"]
[Site "Samarkand"]
[Date "2023.12.26"]
[Round "2"]
[White "Aravindh, Chithambaram VR"]
[Black "Markov, Mikhail2"]
[Result "1-0"]
[WhiteElo "2646"]
[BlackElo "2283"]
[PlyCount "73"]
[EventDate "2023.12.26"]
[EventType "swiss (rapid)"]
[EventRounds "13"]
[EventCountry "UZB"]
[SourceTitle "CB01_2024"]
[SourceDate "2024.01.03"]
[SourceVersion "1"]
[SourceVersionDate "2024.01.03"]
[SourceQuality "1"]

1. d4 d5 2. Nf3 Nf6 3. c3 e6 4. Bf4 Bd6 5. e3 0-0 6. Nbd2 c5 7. Bg3 Qc7 8. Rc1 c4 9. Ne5 b5 10. Be2 Bb7 11. 0-0 Ne4 12. Nxe4 dxe4 13. b3 f6 14. bxc4 fxe5 15. c5 Be7 16. Bxb5 Bf6 17. Rb1 Bd5 18. c4 Bc6 19. Qg4 a6 20. Bxc6 Qxc6 21. Rb6 Qc8 22. Rfb1 Nc6 23. Qxe4 Na5 24. Rc1 exd4 25. exd4 Rd8 26. Rd6 Rxd6 27. cxd6 Ra7 28. d5 Kf7 29. h3 Nb7 30. c5 e5 31. Qe3 Ra8 32. Bxe5 Qf5 33. Bxf6 Qxf6 34. d7 Rd8 35. Re1 Rf8 36. c6 Nd6 37. c7 1-0

[Event "Sitges Sunway op 10th"]
[Site "Sitges"]
[Date "2023.12.18"]
[Round "6"]
[White "Horvath, Dominik"]
[Black "Aravindh, Chithambaram VR"]
[Result "1/2-1/2"]
[WhiteElo "2564"]
[BlackElo "2646"]
[PlyCount "36"]
[EventDate "2023.12.12"]
[EventType "swiss"]
[EventRounds "10"]
[EventCountry "ESP"]
[SourceTitle "CB52_2023"]
[SourceDate "2023.12.27"]
[SourceVersion "1"]
[SourceVersionDate "2023.12.27"]
[SourceQuality "1"]

1. e4 e5 2. Nf3 Nc6 3. Bc4 Nf6 4. Ng5 d5 5. exd5 Na5 6. Bb5+ c6 7. dxc6 bxc6 8. Bd3 Nd5 9. h4 Qc7 10. Nc3 h6 11. Nxd5 cxd5 12. Qh5 Bc5 13. Nxf7 0-0 14. Nxe5 Rf5 15. Qe8+ Rf8 16. Qh5 Rf5 17. Qe8+ Rf8 18. Qh5 Rf5 1/2-1/2

[Event "Sitges Sunway op 10th"]
[Site "Sitges"]
[Date "2023.12.14"]
[Round "3"]
[White "Aravindh, Chithambaram VR"]
[Black "Kushko, Dmitriy"]
[Result "1/2-1/2"]
[WhiteElo "2646"]
[BlackElo "2432"]
[PlyCount "103"]
[EventDate "2023.12.12"]
[EventType "swiss"]
[EventRounds "10"]
[EventCountry "ESP"]
[SourceTitle "CB52_2023"]
[SourceDate "2023.12.27"]
[SourceVersion "1"]
[SourceVersionDate "2023.12.27"]
[SourceQuality "1"]

1. e4 c6 2. d4 d5 3. e5 Bf5 4. Nd2 e6 5. Nb3 Nd7 6. Nf3 Qc7 7. Be2 c5 8. dxc5 Bxc5 9. Nxc5 Qxc5 10. Be3 Qb4+ 11. Bd2 Qb6 12. Bc3 Ne7 13. Nd4 Bg6 14. a4 a6 15. h4 h6 16. h5 Bh7 17. a5 Qc7 18. f4 Nc6 19. Rh3 0-0 20. Ra3 Rfc8 21. g4 Nxd4 22. Qxd4 Bxc2 23. f5 Qc5 24. Rg3 Qxd4 25. Bxd4 Nb8 26. fxe6 fxe6 27. g5 Nc6 28. Bc5 hxg5 29. Rxg5 Nd8 30. Rc3 Nf7 31. Rgg3 Bf5 32. Bd4 Kh7 33. Rb3 Nd8 34. Rb6 Rc1+ 35. Kf2 Rac8 36. Rd6 Nf7 37. Rd7 R8c7 38. Rxc7 Rxc7 39. Rc3 Rxc3 40. Bxc3 Nd8 41. b4 Nc6 42. Ke3 Kg8 43. b5 axb5 44. Bxb5 d4+ 45. Bxd4 Nxa5 46. Bb6 Nc6 47. Bxc6 bxc6 48. Kf4 Kf7 49. Bc5 Bh7 50. Kg5 Bf5 51. Bd6 Bh7 52. Bc5 1/2-1/2